[Event "CRO-chT3 West"]
[Site "Croatia"]
[Date "2020.10.10"]
[Round "4.6"]
[White "Fiskus, David"]
[Black "Causevic, Miro"]
[Result "0-1"]
[WhiteElo "1617"]
[BlackElo "1643"]
[PlyCount "22"]
[EventDate "2020.09.12"]
[EventType "team-tourn"]
[EventRounds "9"]
[EventCountry "CRO"]
[SourceTitle "EXT 2022"]
[Source "ChessBase"]
[SourceDate "2021.10.06"]
[SourceVersion "1"]
[SourceVersionDate "2021.10.06"]
[SourceQuality "1"]
[WhiteTeam "Porec Gortan II"]
[BlackTeam "Krk II"]
[WhiteTeamCountry "CRO"]
[BlackTeamCountry "CRO"]

1. e4 c5 2. Nc3 Nc6 3. Nf3 d6 4. Bc4 Bd7 5. 0-0 Qc8 6. g3 Nf6 7. d3 Bg4 8. Be3 Ne5 9. d4 Bxf3 10. Qd2 Nxc4 11. Qd3 Qh3 0-1

[Event "CRO-ch Seniors"]
[Site "Malinska"]
[Date "2018.11.08"]
[Round "6"]
[White "Causevic, Miro"]
[Black "Mandekic, Ivan"]
[Result "0-1"]
[WhiteElo "1689"]
[BlackElo "2232"]
[PlyCount "35"]
[EventDate "2018.11.04"]
[EventType "swiss"]
[EventRounds "7"]
[EventCountry "CRO"]
[SourceTitle "CBM 187 Extra"]
[Source "ChessBase"]
[SourceDate "2018.11.04"]
[SourceVersion "1"]
[SourceVersionDate "2018.11.04"]
[SourceQuality "1"]

1. e4 c6 2. d4 d5 3. Nc3 dxe4 4. Nxe4 Bf5 5. Ng3 Bg6 6. Nf3 Nd7 7. Be3 Ngf6 8. Bc4 e6 9. c3 Bd6 10. Bd3 Qc7 11. Bxg6 hxg6 12. Qd3 Ng4 13. 0-0-0 0-0-0 14. Ne4 Bf4 15. Qe2 Ndf6 16. Nc5 Nd5 17. Bxf4 Nxf4 18. Kb1 0-1

[Event "CRO-chT3 West"]
[Site "Croatia"]
[Date "2017.04.09"]
[Round "6.4"]
[White "Causevic, Miro"]
[Black "Ban, Ivoslav"]
[Result "0-1"]
[WhiteElo "1643"]
[BlackElo "1994"]
[PlyCount "52"]
[EventDate "2017.03.25"]
[EventType "team-tourn"]
[EventRounds "9"]
[EventCountry "CRO"]
[SourceTitle "EXT 2019"]
[Source "ChessBase"]
[SourceDate "2018.10.10"]
[SourceVersion "1"]
[SourceVersionDate "2018.10.10"]
[SourceQuality "1"]

1. e4 c5 2. Bc4 e6 3. Nc3 Nf6 4. d3 d5 5. exd5 exd5 6. Bb5+ Nc6 7. Bg5 Be7 8. Nge2 0-0 9. Bxc6 bxc6 10. 0-0 h6 11. Bh4 Re8 12. f3 d4 13. Ne4 Nd5 14. Bf2 f5 15. N4g3 Bg5 16. f4 Bxf4 17. Nxf4 Nxf4 18. Qd2 g5 19. Rae1 Rxe1 20. Rxe1 Qd5 21. Re8+ Kf7 22. Ne4 fxe4 23. dxe4 Qd7 24. Re5 Qd6 25. Rxc5 Qxc5 26. Bxd4 Ne2+ 0-1

[Event "CRO-chT3 West"]
[Site "Croatia"]
[Date "2017.04.09"]
[Round "5.3"]
[White "Konic, Zlatko"]
[Black "Causevic, Miro"]
[Result "1/2-1/2"]
[WhiteElo "2087"]
[BlackElo "1643"]
[PlyCount "84"]
[EventDate "2017.03.25"]
[EventType "team-tourn"]
[EventRounds "9"]
[EventCountry "CRO"]
[SourceTitle "EXT 2019"]
[Source "ChessBase"]
[SourceDate "2018.10.10"]
[SourceVersion "1"]
[SourceVersionDate "2018.10.10"]
[SourceQuality "1"]

1. d4 d5 2. c4 e5 3. dxe5 d4 4. Nf3 Nc6 5. a3 a5 6. Bf4 Bc5 7. Nbd2 h6 8. Qc2 Nge7 9. Rd1 Bf5 10. Qc1 Bh7 11. Nb3 Ba7 12. e3 Nf5 13. g4 Nh4 14. Nxh4 Qxh4 15. exd4 Qxg4 16. Qe3 Bc2 17. Be2 Qe6 18. Rd2 Bxb3 19. Qxb3 Nxd4 20. Qxb7 0-0 21. Qe4 f5 22. Qd5 Rad8 23. Qxe6+ Nxe6 24. Rxd8 Rxd8 25. Bc1 Bd4 26. Rg1 Kh7 27. Bh5 g5 28. h4 Bxe5 29. hxg5 Nf4 30. Bxf4 Bxf4 31. gxh6 Kxh6 32. Bd1 Bc1 33. Rh1+ Kg7 34. b3 Bxa3 35. Bc2 Bb4+ 36. Kf1 Kg6 37. Rh3 Kg5 38. Rg3+ Kf4 39. Kg2 Rf8 40. Rg7 Bd6 41. Rg6 Ke5 42. Kf3 Rf6 1/2-1/2

[Event "CRO-chT3 West"]
[Site "Croatia"]
[Date "2017.03.26"]
[Round "3.4"]
[White "Pilepic, Slobodan"]
[Black "Causevic, Miro"]
[Result "1-0"]
[WhiteElo "1849"]
[BlackElo "1636"]
[PlyCount "56"]
[EventDate "2017.03.25"]
[EventType "team-tourn"]
[EventRounds "9"]
[EventCountry "CRO"]
[SourceTitle "EXT 2019"]
[Source "ChessBase"]
[SourceDate "2018.10.10"]
[SourceVersion "1"]
[SourceVersionDate "2018.10.10"]
[SourceQuality "1"]

1. d4 d5 2. c4 e5 3. Nc3 Bb4 4. e3 e4 5. Bd2 Bxc3 6. Bxc3 Nf6 7. Ne2 0-0 8. Ng3 Be6 9. b3 Qc8 10. Be2 g6 11. Rc1 h5 12. cxd5 Bxd5 13. Bc4 Qe6 14. Bb4 Re8 15. h3 c6 16. Ne2 b5 17. Nf4 Qd7 18. Be2 Kg7 19. g4 h4 20. g5 Nh7 21. Rg1 a5 22. Bc5 Qf5 23. Bg4 Qxg5 24. Kd2 Qd8 25. Bh5 Qf6 26. Bxg6 Kh8 27. Qh5 fxg6 28. Nxg6+ Kg7 1-0

[Event "Krk Golden Island op 4th"]
[Site "Malinska"]
[Date "2016.11.04"]
[Round "9"]
[White "Golub, Nikolina"]
[Black "Causevic, Miro"]
[Result "1-0"]
[WhiteElo "1814"]
[BlackElo "1653"]
[PlyCount "81"]
[EventDate "2016.10.29"]
[EventType "swiss"]
[EventRounds "9"]
[EventCountry "CRO"]
[SourceTitle "CBM 175 Extra"]
[Source "ChessBase"]
[SourceDate "2016.12.12"]
[SourceVersion "1"]
[SourceVersionDate "2016.12.12"]
[SourceQuality "1"]

1. d4 d5 2. c4 e5 3. dxe5 d4 4. Nf3 c5 5. e3 Nc6 6. exd4 cxd4 7. Bd3 Nge7 8. 0-0 Ng6 9. Re1 Be7 10. Be4 Qb6 11. a4 Bg4 12. Bxc6+ bxc6 13. a5 Qc5 14. b3 0-0 15. Nbd2 a6 16. h3 Be6 17. Ne4 Qa7 18. Qxd4 c5 19. Qe3 Rfd8 20. Ba3 Rac8 21. Rad1 Rd4 22. Nxd4 cxd4 23. Qc1 Bh4 24. Nd6 Rc6 25. Re4 d3 26. Qe3 Qb8 27. Qxd3 Bg5 28. Qf3 h6 29. Ree1 Rc7 30. Qc3 Qa8 31. Ne4 Nh4 32. f3 Qa7+ 33. Qd4 Qxd4+ 34. Rxd4 Bxh3 35. Nxg5 hxg5 36. Rd8+ Kh7 37. gxh3 Nxf3+ 38. Kf2 Nxe1 39. Kxe1 Kh6 40. Rd6+ g6 41. Rxa6 1-0

[Event "Krk Golden Island op 4th"]
[Site "Malinska"]
[Date "2016.11.01"]
[Round "5"]
[White "Causevic, Miro"]
[Black "Jersic, Aleks"]
[Result "1-0"]
[WhiteElo "1653"]
[BlackElo "1686"]
[PlyCount "75"]
[EventDate "2016.10.29"]
[EventType "swiss"]
[EventRounds "9"]
[EventCountry "CRO"]
[SourceTitle "CBM 175 Extra"]
[Source "ChessBase"]
[SourceDate "2016.12.12"]
[SourceVersion "1"]
[SourceVersionDate "2016.12.12"]
[SourceQuality "1"]

1. e4 e6 2. d4 d5 3. e5 c5 4. c3 Nc6 5. Nf3 cxd4 6. cxd4 Qb6 7. Nc3 f6 8. Bb5 Bb4 9. Bxc6+ bxc6 10. 0-0 f5 11. Ng5 Ne7 12. Na4 Qc7 13. a3 Ba5 14. b4 Bb6 15. Be3 0-0 16. h4 h6 17. Nh3 Ng6 18. h5 Ne7 19. Nc5 Bxc5 20. bxc5 Kh7 21. Qf3 Rg8 22. Qf4 Ba6 23. Rfe1 Qd7 24. Qh4 Raf8 25. Bd2 f4 26. Nxf4 Nf5 27. Qg4 Nxd4 28. Ng6 Ne2+ 29. Kh2 Rxf2 30. Be3 Rf7 31. Rxe2 Bxe2 32. Qxe2 Rb8 33. Qd3 Kg8 34. Rb1 Rxb1 35. Qxb1 Qc7 36. Qb2 Rf5 37. g4 Rf7 38. Nf4 1-0

[Event "Opatija op 2nd"]
[Site "Opatija"]
[Date "2014.07.05"]
[Round "8"]
[White "Causevic, Miro"]
[Black "Radikovic, Anamarija"]
[Result "1-0"]
[WhiteElo "1616"]
[BlackElo "1379"]
[PlyCount "95"]
[EventDate "2014.06.29"]
[EventType "swiss"]
[EventRounds "9"]
[EventCountry "CRO"]
[SourceTitle "CBM 161 Extra"]
[Source "ChessBase"]
[SourceDate "2014.08.29"]
[SourceVersion "1"]
[SourceVersionDate "2014.08.29"]
[SourceQuality "1"]

1. e4 d5 2. exd5 Nf6 3. d4 Qxd5 4. h3 Nc6 5. Nf3 Bf5 6. a3 0-0-0 7. Be3 e5 8. c4 Qd7 9. d5 e4 10. Nfd2 Ne5 11. Nc3 h5 12. Nb5 a6 13. Na7+ Kb8 14. Qb3 Qd6 15. Bd4 Bd7 16. Qc3 Re8 17. Be2 Nd3+ 18. Kf1 c5 19. dxc6 Bxc6 20. Bxd3 exd3 21. Nxc6+ Qxc6 22. f3 Re2 23. Qxd3 Qe6 24. Qxe2 Qxe2+ 25. Kxe2 Bd6 26. Kf2 Bf4 27. Bxf6 gxf6 28. Ne4 Be5 29. Rab1 Rc8 30. Rhc1 Bd4+ 31. Kf1 Be3 32. Rc2 f5 33. Nd6 Rc5 34. b4 Rc6 35. Nxf5 Bf4 36. c5 b6 37. Ne7 Re6 38. Nd5 Bc7 39. Nxc7 Kxc7 40. cxb6+ Kxb6 41. Kf2 a5 42. bxa5+ Kxa5 43. Rc7 f6 44. Rb4 Ka6 45. Rc8 Ka7 46. a4 Ra6 47. Rc5 Ka8 48. Rcb5 1-0

[Event "Krk Golden Island op 2nd"]
[Site "Malinska"]
[Date "2014.04.07"]
[Round "3"]
[White "Bratkovic, Sham"]
[Black "Causevic, Miro"]
[Result "1-0"]
[WhiteElo "2101"]
[BlackElo "1641"]
[PlyCount "79"]
[EventDate "2014.04.06"]
[EventType "swiss"]
[EventRounds "9"]
[EventCountry "CRO"]
[SourceTitle "CBM 159 Extra"]
[Source "ChessBase"]
[SourceDate "2014.04.24"]
[SourceVersion "1"]
[SourceVersionDate "2014.04.24"]
[SourceQuality "1"]

1. d4 d5 2. Nf3 c5 3. c3 Nf6 4. e3 a6 5. Bd3 Nc6 6. 0-0 Qc7 7. Nbd2 c4 8. Bc2 Bg4 9. e4 e6 10. Re1 dxe4 11. Nxe4 Nd5 12. b3 Na5 13. Bg5 Be7 14. Bxe7 Qxe7 15. bxc4 Nxc4 16. Bb3 b5 17. Bxc4 bxc4 18. Qa4+ Kf8 19. Ne5 Bf5 20. Qxc4 Bxe4 21. Rxe4 g6 22. Qd3 Kg7 23. c4 Nb4 24. Qd2 f6 25. a3 fxe5 26. axb4 exd4 27. Qxd4+ Kf7 28. Rae1 Rhd8 29. Qe5 Rd6 30. c5 Rc6 31. Rd1 Rd8 32. Rxd8 Qxd8 33. Rd4 Qe8 34. Qg5 Rc7 35. Rd8 Qe7 36. Qf4+ Kg7 37. Qe5+ Kh6 38. Rd3 g5 39. Rd6 Qg7 40. Rxe6+ 1-0

[Event "Krk Golden Island op 2nd"]
[Site "Malinska"]
[Date "2014.04.06"]
[Round "1"]
[White "Bulmaga, Irina"]
[Black "Causevic, Miro"]
[Result "1-0"]
[WhiteElo "2375"]
[BlackElo "1641"]
[PlyCount "31"]
[EventDate "2014.04.06"]
[EventType "swiss"]
[EventRounds "9"]
[EventCountry "CRO"]
[SourceTitle "CBM 159 Extra"]
[Source "ChessBase"]
[SourceDate "2014.04.24"]
[SourceVersion "1"]
[SourceVersionDate "2014.04.24"]
[SourceQuality "1"]

1. e4 e6 2. d4 d5 3. Nc3 c5 4. exd5 exd5 5. Bb5+ Nc6 6. Nf3 a6 7. Bxc6+ bxc6 8. 0-0 h6 9. Re1+ Be6 10. Ne5 Qc8 11. Na4 Qb7 12. dxc5 Qb5 13. b3 Rd8 14. Ng6 Rh7 15. Nf4 Kd7 16. c4 1-0

[Event "Nova Gorica op-A 19th"]
[Site "Nova Gorica"]
[Date "2014.02.06"]
[Round "9"]
[White "Causevic, Miro"]
[Black "Ivsek, Cveto"]
[Result "0-1"]
[WhiteElo "1633"]
[BlackElo "1851"]
[PlyCount "32"]
[EventDate "2014.01.31"]
[EventType "swiss"]
[EventRounds "9"]
[EventCountry "SLO"]
[SourceTitle "CBM 158 Extra"]
[Source "ChessBase"]
[SourceDate "2014.02.28"]
[SourceVersion "1"]
[SourceVersionDate "2014.02.28"]
[SourceQuality "1"]

1. e4 e6 2. f4 c5 3. c3 Nc6 4. Nf3 Nf6 5. Qc2 h6 6. Bb5 Qb6 7. a4 a6 8. Bxc6 Qxc6 9. d3 c4 10. Ne5 cxd3 11. Nxc6 dxc2 12. Na3 bxc6 13. e5 Nd5 14. Nxc2 Bc5 15. b4 Be7 16. a5 Nxc3 0-1

[Event "Nova Gorica op-A 19th"]
[Site "Nova Gorica"]
[Date "2014.01.31"]
[Round "1"]
[White "Capaliku, Aleks"]
[Black "Causevic, Miro"]
[Result "1-0"]
[WhiteElo "2127"]
[BlackElo "1633"]
[PlyCount "93"]
[EventDate "2014.01.31"]
[EventType "swiss"]
[EventRounds "9"]
[EventCountry "SLO"]
[SourceTitle "CBM 158 Extra"]
[Source "ChessBase"]
[SourceDate "2014.02.28"]
[SourceVersion "1"]
[SourceVersionDate "2014.02.28"]
[SourceQuality "1"]

1. f4 e6 2. Nf3 Nc6 3. e3 a6 4. b3 d5 5. Bb2 Nf6 6. Be2 Bd6 7. 0-0 Qe7 8. Ne5 Bd7 9. Bf3 h5 10. c4 Bxe5 11. fxe5 Ng4 12. Bxg4 hxg4 13. Qxg4 0-0-0 14. Ba3 Nb4 15. cxd5 a5 16. d6 Qh4 17. Qxh4 Rxh4 18. Bxb4 axb4 19. dxc7 Rdh8 20. h3 Rf8 21. Rf4 Rh5 22. d4 g5 23. Rf1 Bb5 24. Rc1 g4 25. hxg4 Rh4 26. Nd2 Rxg4 27. Nc4 Bc6 28. e4 Kxc7 29. d5 Rfg8 30. Rc2 exd5 31. exd5 Bxd5 32. Ne3+ Bc6 33. Nxg4 Rxg4 34. Rf1 Rg7 35. Rf4 Kd7 36. Rxb4 Ke6 37. Re2 Rg5 38. Rf4 Bd5 39. b4 Rg3 40. a4 Rc3 41. Rf6+ Ke7 42. Rh6 Rc1+ 43. Kf2 Rc3 44. a5 Rc7 45. b5 Rc5 46. Ke3 Bc4 47. Rc2 1-0

[Event "Krk Golden Island op 1st"]
[Site "Malinska"]
[Date "2013.04.07"]
[Round "2"]
[White "Nemec, Vjekoslav"]
[Black "Causevic, Miro"]
[Result "1-0"]
[WhiteElo "1971"]
[BlackElo "1646"]
[PlyCount "83"]
[EventDate "2013.04.06"]
[EventType "swiss"]
[EventRounds "9"]
[EventCountry "CRO"]
[SourceTitle "CBM 153 Extra"]
[Source "ChessBase"]
[SourceDate "2013.04.22"]
[SourceVersion "1"]
[SourceVersionDate "2013.04.22"]
[SourceQuality "1"]

1. e4 c5 2. c3 d5 3. exd5 Qxd5 4. d4 Nf6 5. Nf3 Bg4 6. dxc5 Qxd1+ 7. Kxd1 Nc6 8. Be3 e5 9. h3 Bh5 10. g4 Bg6 11. Bb5 Be4 12. Nbd2 Rd8 13. Ke2 a6 14. Nxe4 Nxe4 15. Bxc6+ bxc6 16. Nxe5 Bxc5 17. Nxc6 Rd6 18. Nd4 0-0 19. Rhd1 Re8 20. Nf5 Rb6 21. Rab1 g6 22. Nd4 Rf6 23. f3 Ng5 24. Kd3 Nxf3 25. Rf1 Ne5+ 26. Kc2 Rxf1 27. Rxf1 Nxg4 28. hxg4 Rxe3 29. Rf6 Rg3 30. Rf4 a5 31. Ne2 Rg2 32. Kd3 Kg7 33. b4 axb4 34. cxb4 Bd6 35. Rd4 Be5 36. Re4 f6 37. a4 h5 38. gxh5 gxh5 39. a5 Rg4 40. b5 Bh2 41. Rxg4+ hxg4 42. b6 1-0

[Event "CRO-chT2 West"]
[Site "Rijeka"]
[Date "2012.04.21"]
[Round "4.34"]
[White "Causevic, Miro"]
[Black "Fele, Vladimir"]
[Result "0-1"]
[WhiteElo "1662"]
[BlackElo "1961"]
[PlyCount "62"]
[EventDate "2012.03.17"]
[EventType "team-tourn"]
[EventRounds "9"]
[EventCountry "CRO"]
[SourceTitle "EXT 2013"]
[Source "ChessBase"]
[SourceDate "2012.11.22"]
[SourceVersion "1"]
[SourceVersionDate "2012.11.22"]
[SourceQuality "1"]

1. e4 c6 2. Nc3 d5 3. d4 dxe4 4. Nxe4 Bf5 5. Ng3 Bg6 6. Nf3 Nd7 7. Bc4 e6 8. 0-0 Be7 9. Bf4 Ngf6 10. Re1 0-0 11. c3 Nd5 12. Bd2 Bf6 13. Bb3 b5 14. Qc1 Rc8 15. Ng5 e5 16. dxe5 Nxe5 17. Rxe5 Bxe5 18. f4 f6 19. Ne6 Qb6+ 20. Kh1 Rfe8 21. fxe5 Rxe6 22. exf6 gxf6 23. h4 Rce8 24. h5 Bd3 25. c4 bxc4 26. Bxc4 Qd4 27. Bb3 Qh4+ 28. Kg1 Qxg3 29. Bf4 Qxf4 30. Qxf4 Nxf4 31. Rd1 Kg7 0-1

[Event "CRO-chT2 West"]
[Site "Rijeka"]
[Date "2012.03.18"]
[Round "3.44"]
[White "Acinger, Zeljko"]
[Black "Causevic, Miro"]
[Result "1-0"]
[WhiteElo "1966"]
[BlackElo "1662"]
[PlyCount "67"]
[EventDate "2012.03.17"]
[EventType "team-tourn"]
[EventRounds "9"]
[EventCountry "CRO"]
[SourceTitle "EXT 2013"]
[Source "ChessBase"]
[SourceDate "2012.11.22"]
[SourceVersion "1"]
[SourceVersionDate "2012.11.22"]
[SourceQuality "1"]

1. e4 e6 2. d4 d5 3. exd5 exd5 4. Bd3 Nf6 5. Bg5 Be7 6. Nf3 Bg4 7. h3 Bh5 8. Nbd2 c6 9. 0-0 Qc7 10. Re1 0-0 11. Re5 Bg6 12. Qe1 Bd6 13. Bxf6 gxf6 14. Re8 Nd7 15. Rxa8 Rxa8 16. Qe2 c5 17. c3 Nf8 18. dxc5 Bxc5 19. Nb3 Ne6 20. Qd2 Bb6 21. Nfd4 Rd8 22. Re1 Ng5 23. Bxg6 hxg6 24. h4 Nh7 25. h5 g5 26. Nf5 Qd7 27. g4 Re8 28. Re2 Re5 29. Nbd4 Nf8 30. Rxe5 fxe5 31. Qxg5+ Ng6 32. Qf6 Kf8 33. hxg6 exd4 34. g7+ 1-0

[Event "CRO-chT2 West"]
[Site "Rijeka"]
[Date "2012.03.17"]
[Round "1.54"]
[White "Trtanj, Zoran"]
[Black "Causevic, Miro"]
[Result "1/2-1/2"]
[WhiteElo "2013"]
[BlackElo "1662"]
[PlyCount "94"]
[EventDate "2012.03.17"]
[EventType "team-tourn"]
[EventRounds "9"]
[EventCountry "CRO"]
[SourceTitle "EXT 2013"]
[Source "ChessBase"]
[SourceDate "2012.11.22"]
[SourceVersion "1"]
[SourceVersionDate "2012.11.22"]
[SourceQuality "1"]

1. d4 d5 2. Nf3 Nf6 3. Bg5 Ne4 4. Bh4 c5 5. c3 Qb6 6. Qb3 Qh6 7. e3 c4 8. Qb5+ Qc6 9. Qxc6+ Nxc6 10. Nfd2 g5 11. Bg3 Nxg3 12. hxg3 Bf5 13. b3 b5 14. a4 b4 15. bxc4 bxc3 16. Nxc3 Nb4 17. Rc1 Rc8 18. c5 e5 19. Be2 Nc2+ 20. Rxc2 Bxc2 21. Bb5+ Kd8 22. Nxd5 exd4 23. exd4 Bg7 24. Ne3 Bxa4 25. Bxa4 Bxd4 26. Ne4 Bxc5 27. Nd5 Be7 28. 0-0 Rc4 29. Rd1 Bc5 30. Ne3+ Rd4 31. Rxd4+ Bxd4 32. Nxg5 Ke7 33. Nf5+ Kf6 34. Nxf7 Bxf2+ 35. Kxf2 Kxf7 36. Nd6+ Ke6 37. Nb5 a5 38. Nd4+ Kd5 39. Nf3 Rb8 40. Ng5 Rb2+ 41. Kf3 h5 42. Be8 Rb3+ 43. Kf2 Kd4 44. Nf3+ Kc3 45. Bxh5 a4 46. Bf7 Rb2+ 47. Ke3 Rxg2 1/2-1/2

[Event "Porec op"]
[Site "Porec"]
[Date "2011.12.01"]
[Round "2"]
[White "Bursic, Elvis"]
[Black "Causevic, Miro"]
[Result "1/2-1/2"]
[WhiteElo "1979"]
[BlackElo "1724"]
[PlyCount "22"]
[EventDate "2011.12.01"]
[EventType "swiss"]
[EventRounds "7"]
[EventCountry "CRO"]
[SourceTitle "CBM 145 Extra"]
[Source "ChessBase"]
[SourceDate "2012.01.03"]
[SourceVersion "1"]
[SourceVersionDate "2012.01.03"]
[SourceQuality "1"]

1. e4 c5 2. Nf3 Nc6 3. d4 cxd4 4. Nxd4 e5 5. Nb5 d6 6. N1c3 a6 7. Na3 Nf6 8. Bg5 Be7 9. Be2 Be6 10. 0-0 0-0 11. Qd2 Rc8 1/2-1/2

[Event "Mediterranean op 5th"]
[Site "Rijeka"]
[Date "2011.11.11"]
[Round "1"]
[White "Sale, Srdjan"]
[Black "Causevic, Miro"]
[Result "1-0"]
[WhiteElo "2386"]
[BlackElo "1724"]
[PlyCount "47"]
[EventDate "2011.11.11"]
[EventType "swiss"]
[EventRounds "9"]
[EventCountry "CRO"]
[SourceTitle "EXT 2012"]
[Source "ChessBase"]
[SourceDate "2011.11.24"]
[SourceVersion "1"]
[SourceVersionDate "2011.11.24"]
[SourceQuality "1"]

1. e4 e6 2. d3 Bc5 3. Nf3 d5 4. e5 d4 5. c3 Nc6 6. b4 Bb6 7. b5 Nce7 8. c4 c5 9. Nbd2 Ba5 10. g3 Nf5 11. Bg2 Bc3 12. Rb1 Qa5 13. a4 Ne3 14. fxe3 dxe3 15. 0-0 exd2 16. Bxd2 Bxd2 17. Nxd2 Qc3 18. Qh5 Nh6 19. Ne4 Qd4+ 20. Kh1 0-0 21. g4 Kh8 22. Rf3 f5 23. exf6 e5 24. fxg7+ 1-0

[Event "Opatija Summer op"]
[Site "Opatija"]
[Date "2011.07.17"]
[Round "7"]
[White "Causevic, Miro"]
[Black "Jerkovic, Maroje"]
[Result "1-0"]
[WhiteElo "1738"]
[BlackElo "1815"]
[PlyCount "61"]
[EventDate "2011.07.11"]
[EventType "swiss"]
[EventRounds "7"]
[EventCountry "CRO"]
[SourceTitle "CBM 143 Extra"]
[Source "ChessBase"]
[SourceDate "2011.08.29"]
[SourceVersion "1"]
[SourceVersionDate "2011.08.29"]
[SourceQuality "1"]

1. e4 c5 2. f4 e6 3. Nc3 Nc6 4. Nf3 d5 5. e5 Be7 6. d4 Qb6 7. Na4 Qa5+ 8. c3 cxd4 9. b4 Qd8 10. Nxd4 Bd7 11. Nf3 Nh6 12. Bd3 Rb8 13. 0-0 b5 14. Nb2 Qb6+ 15. Kh1 0-0 16. Bc2 Rfc8 17. Qd3 g6 18. Be3 Qb7 19. Nd4 Nxd4 20. Bxd4 Nf5 21. a3 Qc7 22. Rf3 a5 23. g4 Nh6 24. Rh3 Kg7 25. Qd2 Nxg4 26. Rg1 h5 27. f5 exf5 28. e6+ Kh7 29. Rxh5+ gxh5 30. Bxf5+ Kg8 31. exd7 1-0

[Event "Opatija Summer op"]
[Site "Opatija"]
[Date "2011.07.16"]
[Round "6"]
[White "Pridigar, Lovro"]
[Black "Causevic, Miro"]
[Result "1-0"]
[WhiteElo "1548"]
[BlackElo "1738"]
[PlyCount "77"]
[EventDate "2011.07.11"]
[EventType "swiss"]
[EventRounds "7"]
[EventCountry "CRO"]
[SourceTitle "CBM 143 Extra"]
[Source "ChessBase"]
[SourceDate "2011.08.29"]
[SourceVersion "1"]
[SourceVersionDate "2011.08.29"]
[SourceQuality "1"]

1. e4 c5 2. Nf3 Nc6 3. d4 cxd4 4. Nxd4 e5 5. Nxc6 bxc6 6. Nc3 Nf6 7. Bg5 Bc5 8. Bc4 h6 9. Bd2 d6 10. Qe2 Bg4 11. f3 Bd7 12. a3 Rb8 13. b4 Bd4 14. Qd3 Nh5 15. Rb1 Qh4+ 16. Kd1 Ng3 17. Be1 Be6 18. Ne2 d5 19. exd5 cxd5 20. Bb5+ Kf8 21. Bxg3 Qh5 22. Nxd4 e4 23. Nxe6+ fxe6 24. Qc3 Rxb5 25. Qc8+ Qe8 26. Qxe8+ Kxe8 27. fxe4 a5 28. exd5 Rxd5+ 29. Kc1 Ke7 30. bxa5 Rxa5 31. Rb7+ Kf6 32. Rf1+ Kg6 33. Rff7 Rg8 34. Ra7 Rc5 35. Rfe7 Kf6 36. Bh4+ g5 37. Bg3 Rgc8 38. Rac7 e5 39. Rxc8 1-0

[Event "Opatija Summer op"]
[Site "Opatija"]
[Date "2011.07.12"]
[Round "2"]
[White "Plenca, Julian"]
[Black "Causevic, Miro"]
[Result "1-0"]
[WhiteElo "2339"]
[BlackElo "1738"]
[PlyCount "47"]
[EventDate "2011.07.11"]
[EventType "swiss"]
[EventRounds "7"]
[EventCountry "CRO"]
[SourceTitle "CBM 143 Extra"]
[Source "ChessBase"]
[SourceDate "2011.08.29"]
[SourceVersion "1"]
[SourceVersionDate "2011.08.29"]
[SourceQuality "1"]

1. e4 c5 2. Nf3 Nc6 3. Nc3 d6 4. d4 cxd4 5. Nxd4 Bd7 6. Bg5 a6 7. Qd2 g6 8. 0-0-0 Qa5 9. Nb3 Qd8 10. Nd5 f6 11. Be3 b5 12. Bb6 Qc8 13. Nc7+ Kf7 14. Nxa8 Qxa8 15. Kb1 Qb7 16. Be3 Ne5 17. f4 Nc4 18. Bxc4+ bxc4 19. Nc5 Qc6 20. Nxd7 Qxd7 21. e5 f5 22. exd6 e6 23. Bd4 Nf6 24. Bxf6 1-0

[Event "Nova Gorica op-A 16th"]
[Site "Nova Gorica"]
[Date "2011.01.28"]
[Round "1"]
[White "Kolar, Srecko"]
[Black "Causevic, Miro"]
[Result "1-0"]
[WhiteElo "2157"]
[BlackElo "1789"]
[PlyCount "61"]
[EventDate "2011.01.28"]
[EventType "swiss"]
[EventRounds "9"]
[EventCountry "SLO"]
[SourceTitle "CBM 140 Extra"]
[Source "ChessBase"]
[SourceDate "2011.03.01"]
[SourceVersion "1"]
[SourceVersionDate "2011.03.01"]
[SourceQuality "1"]

1. e4 c5 2. Nf3 Qc7 3. Nc3 e6 4. d4 Nf6 5. e5 Nd5 6. Nb5 Qc6 7. c4 Nc7 8. d5 Qb6 9. a4 Nxb5 10. axb5 d6 11. Bd2 Qc7 12. Bc3 b6 13. Be2 exd5 14. cxd5 Qe7 15. 0-0 Bg4 16. h3 h5 17. exd6 Qxd6 18. Be5 Qd8 19. hxg4 hxg4 20. Nh2 Bd6 21. Bg3 f5 22. Qd2 g5 23. Qc3 Rh7 24. Bxg4 f4 25. Bf5 fxg3 26. Bxh7 gxh2+ 27. Kh1 Kd7 28. Qg7+ Kc8 29. Rfe1 Bf8 30. Bf5+ Nd7 31. Bxd7+ 1-0